Central Library OPAC University of Rajshahi

In defence of Liberalism / (Record no. 35819)

MARC details
000 -LEADER
fixed length control field 01207nam a2200301 i 4500
001 - CONTROL NUMBER
control field 35819
003 - CONTROL NUMBER IDENTIFIER
rucl marc code BD-RjUL
005 - DATE AND TIME OF LATEST TRANSACTION
control field 20211209052402.0
008 - FIXED-LENGTH DATA ELEMENTS--GENERAL INFORMATION
fixed length control field 140609s1962 enk 000 0 eng d
035 ## - SYSTEM CONTROL NUMBER
System control number OCLC ocm02201550 from D960711M
-- (BD-RjUL)35914
040 ## - CATALOGING SOURCE
Original cataloging agency AZS
Transcribing agency AZS
Modifying agency OCL
-- OUN
-- UKM
-- BD-RjUL
Language of cataloging eng
041 ## - LANGUAGE CODE
Language code of text/sound track or separate title eng
082 0# - DEWEY DECIMAL CLASSIFICATION NUMBER
Classification number 320.51
Edition number 18
Author mark and year PAI 1962
090 ## - LOCALLY ASSIGNED LC-TYPE CALL NUMBER (OCLC); LOCAL CALL NUMBER (OCLC)
Classification number (OCLC) (R) ; Classification number, CALL (RLIN) (NR) HM276
Local cutter number (OCLC) ; Book number/undivided call number, CALL (RLIN) .P2 1962
100 1# - MAIN ENTRY--PERSONAL NAME
Personal name Panikkar, K. M.
Fuller form of name (Kavalam Madhava),
Dates associated with a name 1896-1963.
9 (RLIN) 68801
245 10 - TITLE STATEMENT
Title In defence of Liberalism /
Statement of responsibility, etc. K.M. Panikkar. Issued under the auspices of the Indian School of International Studies
260 ## - PUBLICATION, DISTRIBUTION, ETC. (IMPRINT)
Place of publication, distribution, etc. London :
Name of publisher, distributor, etc. Asia Pub. House,
Date of publication, distribution, etc. 1962.
300 ## - PHYSICAL DESCRIPTION
Pagination vi, 135 p. ;
Size 19 cm
490 1# - SERIES STATEMENT
Series statement Shrimati Sarojini Naidu lectures
500 ## - GENERAL NOTE
General note "Based on the first Shrimati Sarojini Naidu Lecture series .. "--Dust cover.
505 0# - FORMATTED CONTENTS NOTE
Formatted contents note The liberal doctrines -- The liberal transformation -- The weakness of liberalism -- New horizons -- Liberalism and the future.
650 #0 - SUBJECT ADDED ENTRY--TOPICAL TERM
Topical term or geographic name as entry element Liberalism.
9 (RLIN) 109090
Topical term or geographic name as entry element Liberalism
Geographic subdivision India.
9 (RLIN) 109091
710 2# - ADDED ENTRY--CORPORATE NAME
Corporate name or jurisdiction name as entry element Indian School of International Studies.
9 (RLIN) 109092
830 #0 - SERIES ADDED ENTRY--UNIFORM TITLE
Uniform title Shrimati Sarojini Naidu lectures
942 ## - ADDED ENTRY ELEMENTS (KOHA)
Source of classification or shelving scheme Dewey Decimal Classification
Koha item type Books
Holdings
Lost status Source of classification or shelving scheme Damaged status Not for loan Collection code Permanent Location Current Location Shelving location Date acquired Total Checkouts Full call number Date last seen Copy number Koha item type
  Dewey Decimal Classification     Non-fiction Central Library, University of Rajshahi Central Library, University of Rajshahi   09/06/2014   320.51 PAI 1962 09/06/2014 C-2 Books